[Event "4NCL/Div2/WWKS1 vs. PYO"]
[Site "Nottingham ENG"]
[Date "2005.01.22"]
[Round "5.5"]
[White "James, Russell A"]
[Black "Eckersley-Waites, Adam"]
[Result "0-1"]
[WhiteElo "2226"]
[BlackElo "2072"]
[PlyCount "118"]
[EventDate "2005.01.22"]
[SourceDate "2004.09.21"]

1. e4 c5 2. c3 d5 3. d3 Nc6 4. Nd2 g6 5. Ngf3 Bg7 6. Be2 e5 7. O-O Nge7 8. Qc2
O-O 9. Rd1 h6 10. Nf1 Be6 11. a3 Rc8 12. Rb1 d4 13. c4 a6 14. h3 f5 15. N1h2
Qd6 16. b4 Nd8 17. bxc5 Qxc5 18. Bd2 b5 19. Bb4 Qa7 20. exf5 gxf5 21. Nh4 Ndc6
22. c5 Bf6 23. N4f3 Nd5 24. Bd2 Qh7 25. Re1 Rfe8 26. Bf1 Bf7 27. Kh1 e4 28. Ng1
e3 29. Bc1 Nc3 30. fxe3 Nxb1 31. Qxb1 dxe3 32. Rxe3 Bd4 33. Rg3+ Kf8 34. Ne2
Bxc5 35. Bb2 f4 36. Nxf4 Qf5 37. Bg7+ Ke7 38. Bxh6 Rg8 39. Qe1+ Kd7 40. Rxg8
Rxg8 41. d4 Bxd4 42. Ng4 Rxg4 43. hxg4 Qf6 44. g5 Qxf4 45. g3 Qf5 46. Bg2 Bd5
47. Kh2 Bxg2 48. Kxg2 a5 49. Qe2 b4 50. axb4 axb4 51. g6 Qxg6 52. Bf4 b3 53.
Qa6 Qe4+ 54. Kh3 b2 55. Qb7+ Ke8 56. Qa8+ Kf7 57. Qb7+ Kg6 58. Qb3 Qh1+ 59. Kg4
Qh5# 0-1

[Event "4NCL/Div2/WWKS1 vs. PYO"]
[Site "Nottingham ENG"]
[Date "2005.01.22"]
[Round "5.6"]
[White "Miller, Naomi K"]
[Black "Pitcher, John"]
[Result "0-1"]
[WhiteElo "1988"]
[BlackElo "2180"]
[PlyCount "82"]
[EventDate "2005.01.22"]
[SourceDate "2004.09.21"]

1. e4 c5 2. c3 b6 3. d4 Bb7 4. Bd3 Nf6 5. Qe2 cxd4 6. cxd4 Nc6 7. Nf3 Nb4 8.
Nc3 Nxd3+ 9. Qxd3 e6 10. Bg5 Be7 11. O-O O-O 12. e5 Nd5 13. Bxe7 Qxe7 14. Ne4
Nb4 15. Qb1 f6 16. a3 Nd5 17. b4 fxe5 18. dxe5 Nf4 19. Rd1 Ne2+ 20. Kh1 Bxe4
21. Qxe4 Nc3 22. Qd4 Nxd1 23. Rxd1 Rac8 24. h3 Rc7 25. Nd2 Rfc8 26. Ne4 Rc1 27.
Qd2 Rxd1+ 28. Qxd1 Rc7 29. Qd2 h6 30. Nd6 Qg5 31. Qxg5 hxg5 32. Nb5 Rc1+ 33.
Kh2 a6 34. Nd6 Rc3 35. a4 Ra3 36. Nc4 Rxa4 37. Nxb6 Rxb4 38. Nxd7 a5 39. Nc5
Kf7 40. Kg3 a4 41. Kf3 a3 0-1

[Event "4NCL/Div2/WWKS1 vs. PYO"]
[Site "Nottingham ENG"]
[Date "2005.01.22"]
[Round "5.7"]
[White "Baruch, Andrew J D"]
[Black "Hillman, Jamie O"]
[Result "1/2-1/2"]
[WhiteElo "2103"]
[BlackElo "1980"]
[PlyCount "71"]
[EventDate "2005.01.22"]
[SourceDate "2004.09.21"]

1. c4 c6 2. Nf3 d5 3. b3 Bf5 4. g3 e6 5. Bg2 Nf6 6. Bb2 Be7 7. O-O Nbd7 8. d3
O-O 9. Nh4 Bg4 10. h3 Bh5 11. Nd2 Qc7 12. Rc1 Ne5 13. Nhf3 Nxf3+ 14. Nxf3 Nd7
15. Qd2 Bf6 16. b4 dxc4 17. Bxf6 Nxf6 18. Rxc4 Bxf3 19. Bxf3 Qd6 20. Qb2 Rac8
21. Rfc1 Qd7 22. Qe5 h6 23. b5 cxb5 24. Rc7 Rxc7 25. Rxc7 Qd8 26. Rxb7 a6 27.
Qc5 Qa5 28. a3 Nd5 29. Bxd5 exd5 30. Qb4 Qxb4 31. axb4 Rc8 32. Rb6 Rc1+ 33. Kg2
Ra1 34. Rd6 Ra4 35. Rd8+ Kh7 36. Rd6 1/2-1/2

[Event "4NCL/Div2/WWKS1 vs. PYO"]
[Site "Nottingham ENG"]
[Date "2005.01.22"]
[Round "5.8"]
[White "Wells, Daniel"]
[Black "Chevannes, Sabrina"]
[Result "0-1"]
[WhiteElo "1980"]
[BlackElo "2089"]
[PlyCount "50"]
[EventDate "2005.01.22"]
[SourceDate "2004.09.21"]

1. e4 c6 2. d4 d5 3. Nc3 g6 4. Be3 Bg7 5. f3 e6 6. Nge2 Ne7 7. Qd2 Nd7 8. O-O-O
b5 9. g4 Qa5 10. Ng3 b4 11. Nb1 Rb8 12. a3 c5 13. dxc5 Nxc5 14. Bd4 Qc7 15.
Bxc5 Qxc5 16. axb4 Rxb4 17. c3 O-O 18. Na3 d4 19. Ne2 Ba6 20. Nc2 Rxb2 21. Kxb2
Bxe2 22. Nxd4 Bxd1 23. Qxd1 Rb8+ 24. Kc2 Rc8 25. Qd2 Bxd4 0-1

[Event "4NCL/Div2/MIN1 vs. HKF1"]
[Site "Nottingham ENG"]
[Date "2005.01.22"]
[Round "5.1"]
[White "McFarland, Robert S"]
[Black "Wells, Peter K"]
[Result "0-1"]
[WhiteElo "2282"]
[BlackElo "2519"]
[PlyCount "58"]
[EventDate "2005.01.22"]
[SourceDate "2004.09.21"]

1. Nf3 d6 2. d4 Bg4 3. c4 Bxf3 4. gxf3 Nd7 5. f4 g6 6. Bg2 c6 7. Nc3 Bg7 8. e3
e6 9. Qb3 Qc7 10. d5 exd5 11. cxd5 c5 12. Bd2 a6 13. a4 Ne7 14. Ne4 O-O 15. Bc3
c4 16. Qa3 Nxd5 17. Bxg7 Kxg7 18. Nxd6 N7f6 19. Bxd5 Nxd5 20. Rd1 Qc6 21. Rg1
f5 22. Rd4 b5 23. e4 fxe4 24. Rg5 b4 25. Qg3 c3 26. Rgxd5 c2 27. Nf5+ Rxf5 28.
Rxf5 c1=Q+ 29. Rd1 Rd8 0-1

[Event "4NCL/Div2/MIN1 vs. HKF1"]
[Site "Nottingham ENG"]
[Date "2005.01.22"]
[Round "5.2"]
[White "Arkell, Keith C"]
[Black "Kelly, Paul J (res)"]
[Result "1-0"]
[WhiteElo "2492"]
[BlackElo "1950"]
[PlyCount "81"]
[EventDate "2005.01.22"]
[SourceDate "2004.09.21"]

1. d4 d6 2. g3 g6 3. Bg2 Bg7 4. Nf3 Nf6 5. O-O O-O 6. c4 Nc6 7. Nc3 e5 8. h3
exd4 9. Nxd4 Nxd4 10. Qxd4 a6 11. Qh4 Nd7 12. Qxd8 Rxd8 13. Bg5 f6 14. Be3 c6
15. Rfd1 Ne5 16. b3 Nf7 17. Rac1 f5 18. Na4 Bh6 19. Bxh6 Nxh6 20. Nb6 Rb8 21.
b4 Be6 22. a4 Bf7 23. b5 axb5 24. axb5 Be8 25. Rd2 Nf7 26. f4 Kg7 27. Kf2 h6
28. Rb2 Kf6 29. Rcb1 Kg7 30. Ra1 Kf6 31. Ra3 Kg7 32. Rab3 Kh8 33. Re3 Kg7 34.
Re7 Kf8 35. Rc7 g5 36. Rb3 gxf4 37. gxf4 h5 38. Re3 cxb5 39. cxb5 Bxb5 40. Ree7
Be8 41. Bd5 1-0

[Event "4NCL/Div2/MIN1 vs. HKF1"]
[Site "Nottingham ENG"]
[Date "2005.01.22"]
[Round "5.3"]
[White "Richards, Heather"]
[Black "Kiriakov, Petr"]
[Result "0-1"]
[WhiteElo "2205"]
[BlackElo "2564"]
[PlyCount "76"]
[EventDate "2005.01.22"]
[SourceDate "2004.09.21"]

1. e4 e6 2. d4 d5 3. Nc3 Nf6 4. e5 Nfd7 5. f4 c5 6. Nf3 Nc6 7. Be3 a6 8. Qd2 b5
9. Ne2 b4 10. g3 g6 11. Bg2 a5 12. O-O Ba6 13. Rf2 h5 14. h3 Qb6 15. Rd1 Rc8
16. g4 hxg4 17. hxg4 Bxe2 18. Rxe2 cxd4 19. Nxd4 Nxd4 20. Bxd4 Qxd4+ 21. Qxd4
Bc5 22. Kf2 Ke7 23. Kg3 Bxd4 24. Rxd4 Nb6 25. f5 gxf5 26. gxf5 Nc4 27. f6+ Kd7
28. b3 Na3 29. Bxd5 exd5 30. Rxd5+ Ke6 31. Rxa5 Nxc2 32. Kf4 Nd4 33. Rd2 Rh4+
34. Kg3 Nf5+ 35. Kf3 Rc3+ 36. Kf2 Rh2+ 37. Ke1 Rc1+ 38. Rd1 Rh1+ 0-1

[Event "4NCL/Div2/MIN1 vs. HKF1"]
[Site "Nottingham ENG"]
[Date "2005.01.22"]
[Round "5.4"]
[White "Berzinsh, Roland"]
[Black "Almond, Richard"]
[Result "1-0"]
[WhiteElo "2454"]
[BlackElo "2149"]
[PlyCount "77"]
[EventDate "2005.01.22"]
[SourceDate "2004.09.21"]

1. e4 d5 2. exd5 Qxd5 3. Nc3 Qa5 4. d4 c6 5. Nf3 Nf6 6. Bd2 Bf5 7. Ne4 Qc7 8.
Nxf6+ exf6 9. Bc4 Bd6 10. Qe2+ Qe7 11. Qxe7+ Kxe7 12. O-O-O Rd8 13. Nh4 Bd7 14.
Bd3 h6 15. g4 Kf8 16. Nf5 Bc7 17. Be3 Be6 18. c4 Nd7 19. b3 Nb6 20. Kc2 Nc8 21.
h4 Nd6 22. Nxd6 Bxd6 23. f3 Re8 24. Bf2 Rad8 25. Rhe1 Bb4 26. Re2 Bc8 27. Rxe8+
Kxe8 28. h5 Kf8 29. a3 Bd6 30. b4 a6 31. Be4 Bf4 32. a4 Bd7 33. a5 c5 34. b5
axb5 35. dxc5 bxc4 36. c6 bxc6 37. Bb6 Ke8 38. Bxd8 Kxd8 39. Bf5 1-0

[Event "4NCL/Div2/MIN1 vs. HKF1"]
[Site "Nottingham ENG"]
[Date "2005.01.22"]
[Round "5.5"]
[White "Hagesaether, Arne"]
[Black "Greet, Andrew N"]
[Result "0-1"]
[WhiteElo "2178"]
[BlackElo "2389"]
[PlyCount "80"]
[EventDate "2005.01.22"]
[SourceDate "2004.09.21"]

1. e4 e5 2. Nf3 Nc6 3. Bb5 a6 4. Ba4 Nf6 5. O-O Be7 6. Re1 b5 7. Bb3 d6 8. c3
O-O 9. a4 b4 10. h3 bxc3 11. bxc3 Na5 12. Bc2 c5 13. d4 Qc7 14. Nbd2 Rb8 15. d5
g6 16. Nf1 Nh5 17. Bh6 Re8 18. Ne3 Bf8 19. Bg5 h6 20. Bh4 Bg7 21. Nd2 Nf4 22.
Bg3 c4 23. Qf3 Bd7 24. Reb1 h5 25. Rb4 Rxb4 26. cxb4 c3 27. Ndf1 Nc4 28. Nd1
Nd2 29. Qe3 Bh6 30. Bxf4 exf4 31. Qe2 f3 32. Qxa6 Nxe4 33. Ra3 fxg2 34. Kxg2
Bxh3+ 35. Kxh3 Qd7+ 36. Kg2 Qg4+ 37. Ng3 Nxg3 38. fxg3 Re2+ 39. Nf2 Be3 40.
Qc8+ Qxc8 0-1

[Event "4NCL/Div2/MIN1 vs. HKF1"]
[Site "Nottingham ENG"]
[Date "2005.01.22"]
[Round "5.6"]
[White "Houska, Jovanka"]
[Black "Kafka, Graeme"]
[Result "1-0"]
[WhiteElo "2325"]
[BlackElo "2130"]
[PlyCount "65"]
[EventDate "2005.01.22"]
[SourceDate "2004.09.21"]

1. e4 c5 2. Nc3 Nc6 3. g3 g6 4. d3 Bg7 5. Be3 d6 6. Qd2 Nd4 7. Bg2 Bd7 8. Nd1
Nf6 9. c3 Nc6 10. Bh6 O-O 11. Bxg7 Kxg7 12. f4 Ne8 13. Nf3 f5 14. Ne3 Nf6 15.
exf5 gxf5 16. O-O b5 17. Rfe1 Rc8 18. a4 Na5 19. Qd1 bxa4 20. Rxa4 Bxa4 21.
Nxf5+ Kh8 22. Qxa4 Qd7 23. Qxd7 Nxd7 24. Rxe7 Rxf5 25. Rxd7 c4 26. dxc4 Nxc4
27. Ng5 Rcf8 28. Rxh7+ Kg8 29. Rxa7 Nxb2 30. Bh3 Rxg5 31. Be6+ Kh8 32. fxg5 Nd1
33. g6 1-0

[Event "4NCL/Div2/MIN1 vs. HKF1"]
[Site "Nottingham ENG"]
[Date "2005.01.22"]
[Round "5.7"]
[White "Muter, Donny"]
[Black "Broomfield, Matthew"]
[Result "1/2-1/2"]
[WhiteElo "2118"]
[BlackElo "2288"]
[PlyCount "148"]
[EventDate "2005.01.22"]
[SourceDate "2004.09.21"]

1. d4 Nf6 2. Nf3 b6 3. Bg5 Bb7 4. e3 e6 5. Nbd2 c5 6. Bd3 Be7 7. c3 Nc6 8. O-O
cxd4 9. exd4 d6 10. Qe2 O-O 11. Rad1 Re8 12. Ba6 Bxa6 13. Qxa6 Qc7 14. Qd3 d5
15. g3 b5 16. b4 a5 17. a3 Qb6 18. Rb1 axb4 19. axb4 Ra3 20. Nb3 Ne4 21. Bc1
Ra2 22. Bf4 Rea8 23. Nfd2 Nd6 24. Bxd6 Bxd6 25. Nc5 e5 26. dxe5 Bxc5 27. bxc5
Qxc5 28. Rxb5 Nxe5 29. Qxd5 Qxd5 30. Rxd5 Rxd2 31. Rxe5 Rc2 32. Rfe1 h5 33.
Re8+ Rxe8 34. Rxe8+ Kh7 35. Rc8 h4 36. gxh4 Kg6 37. Rc5 Kf6 38. Kg2 Ke6 39. Rc7
g6 40. c4 Rc3 41. c5 Rc4 42. Kg3 f6 43. c6 Kf5 44. Rc8 Rg4+ 45. Kh3 Rc4 46. c7
Rc3+ 47. Kg2 Kg4 48. h3+ Kf5 49. Kf1 Rc2 50. Ke1 Rc6 51. Ke2 Rc2+ 52. Ke3 Rc3+
53. Kd4 Rc1 54. Kd5 Rd1+ 55. Kc6 Rc1+ 56. Kd6 Rd1+ 57. Ke7 Re1+ 58. Kf7 Rc1 59.
Kg7 Rc4 60. h5 gxh5 61. Kh6 h4 62. Kh5 Kf4 63. Kxh4 f5 64. Kh5 Rc3 65. h4 Rc6
66. f3 Kxf3 67. Kg5 f4 68. h5 Rc5+ 69. Kg6 Kg4 70. h6 f3 71. h7 f2 72. h8=Q
Rg5+ 73. Kh6 Rh5+ 74. Kg7 Rg5+ 1/2-1/2

[Event "4NCL/Div2/MIN1 vs. HKF1"]
[Site "Nottingham ENG"]
[Date "2005.01.22"]
[Round "5.8"]
[White "Lindner, Daniel"]
[Black "Horton, Justin"]
[Result "1-0"]
[WhiteElo "2239"]
[BlackElo "2096"]
[PlyCount "77"]
[EventDate "2005.01.22"]
[SourceDate "2004.09.21"]

1. e4 e5 2. Nf3 Nc6 3. Bc4 Bc5 4. b4 Bxb4 5. c3 Ba5 6. d4 d6 7. Qb3 Qd7 8. dxe5
dxe5 9. Ba3 Bb6 10. Nbd2 Na5 11. Nxe5 Nxb3 12. axb3 Nf6 13. Nxd7 Nxd7 14. Ke2
Bc5 15. f4 Bxa3 16. Rxa3 Nb6 17. Bd3 O-O 18. b4 Re8 19. Kf3 Bd7 20. c4 Rad8 21.
Re1 a6 22. Nf1 Be6 23. Ne3 Rd4 24. Nc2 Rdd8 25. Ne3 Rd4 26. Nc2 Rdd8 27. c5 Nc4
28. Rc3 Nb2 29. Be2 Na4 30. Ra3 Nb2 31. Rc3 Rd2 32. Ne3 Red8 33. Ra1 Nd3 34.
Bxd3 R8xd3 35. Rxd3 Rxd3 36. c6 Bc8 37. b5 bxc6 38. bxa6 Rd8 39. Nc4 1-0

[Event "4NCL/Div2/SWD1 vs. WGR3"]
[Site "Nottingham ENG"]
[Date "2005.01.22"]
[Round "5.1"]
[White "Cobb, James E"]
[Black "Woodward, Timothy"]
[Result "1/2-1/2"]
[WhiteElo "2346"]
[BlackElo "2333"]
[PlyCount "144"]
[EventDate "2005.01.22"]
[SourceDate "2004.09.21"]

1. d4 d5 2. c4 c6 3. Nf3 Nf6 4. Nc3 dxc4 5. a4 Bf5 6. g3 e6 7. Bg2 Bb4 8. Ne5
Ne4 9. O-O Nxc3 10. bxc3 Bxc3 11. Ba3 a5 12. e4 Bg6 13. Qb1 Bb4 14. Bxb4 axb4
15. Qxb4 Qe7 16. Rab1 Qxb4 17. Rxb4 O-O 18. Rfb1 c3 19. Rc1 Rd8 20. Rxc3 Nd7
21. Nd3 Nf6 22. f3 h5 23. Ne5 Kh7 24. Kf2 Nd7 25. Nd3 f6 26. Ke3 Ra7 27. Rcb3
e5 28. Bh3 b5 29. axb5 cxb5 30. Bxd7 exd4+ 31. Rxd4 Raxd7 32. Rxd7 Rxd7 33.
Rxb5 Be8 34. Rb8 Bf7 35. Rc8 g6 36. Rc6 Kg7 37. h4 Ra7 38. Nc5 Ra3+ 39. Kf4 Ra7
40. Rd6 Rc7 41. Nd7 Be6 42. Rxe6 Rxd7 43. g4 hxg4 44. fxg4 Rd1 45. g5 Rf1+ 46.
Ke3 f5 47. exf5 Rxf5 48. Ke4 Ra5 49. Re7+ Kg8 50. Rd7 Rb5 51. Rd5 Rb4+ 52. Ke5
Rxh4 53. Kf6 Rf4+ 54. Kxg6 Rf8 55. Rd7 Ra8 56. Rd6 Rb8 57. Kh6 Ra8 58. g6 Rb8
59. Kg5 Ra8 60. Kf6 Rb8 61. Rd5 Rb6+ 62. Kg5 Rb8 63. Kh6 Rc8 64. Rd7 Rf8 65.
Rg7+ Kh8 66. Rc7 Kg8 67. Rc6 Re8 68. g7 Rb8 69. Rf6 Ra8 70. Kg6 Rb8 71. Rf8+
Rxf8 72. gxf8=Q+ Kxf8 1/2-1/2

[Event "4NCL/Div2/SWD1 vs. WGR3"]
[Site "Nottingham ENG"]
[Date "2005.01.22"]
[Round "5.2"]
[White "Tan, Desmond"]
[Black "Cooper, John G"]
[Result "0-1"]
[WhiteElo "2332"]
[BlackElo "2346"]
[PlyCount "114"]
[EventDate "2005.01.22"]
[SourceDate "2004.09.21"]

1. e4 e5 2. Nf3 Nc6 3. Bb5 a6 4. Ba4 Nf6 5. d3 d6 6. c3 Be7 7. O-O O-O 8. Re1
Bg4 9. Nbd2 Nd7 10. h3 Bh5 11. Nf1 Nc5 12. Bc2 d5 13. Ng3 Bg6 14. b4 Ne6 15.
Ba4 Bf6 16. a3 Nf4 17. Ra2 h5 18. h4 Re8 19. Bb3 Qd7 20. exd5 Nxd5 21. Ne4 Rad8
22. c4 Nde7 23. Rd2 Nf5 24. Nxf6+ gxf6 25. Ba4 Nd6 26. Bxc6 Qxc6 27. Nh2 Nf5
28. g3 Nd4 29. Bb2 Kg7 30. Bxd4 Rxd4 31. Re3 Red8 32. Nf3 R4d7 33. Qe2 b5 34.
c5 Bf5 35. Nh2 Bg6 36. Nf3 Rd5 37. Ne1 Qd7 38. f3 a5 39. Kg2 Ra8 40. Kh2 axb4
41. axb4 Ra3 42. Qd1 c6 43. Qc2 Qa7 44. Qb2 Qa4 45. Nc2 Rb3 46. Qc1 Bxd3 47.
Ne1 Bc4 48. Rxd5 Bxd5 49. Rxb3 Qxb3 50. Qd2 Bxf3 51. Qd3 Qxd3 52. Nxd3 Kg6 53.
Kg1 Kf5 54. Kf2 Ke4 55. Ne1 Bg4 56. Ng2 Be6 57. Ne3 f5 0-1

[Event "4NCL/Div2/SWD1 vs. WGR3"]
[Site "Nottingham ENG"]
[Date "2005.01.22"]
[Round "5.3"]
[White "Jones, Richard S"]
[Black "Lee, Graham D"]
[Result "0-1"]
[WhiteElo "2320"]
[BlackElo "2285"]
[PlyCount "60"]
[EventDate "2005.01.22"]
[SourceDate "2004.09.21"]

1. e4 c6 2. d4 d5 3. exd5 cxd5 4. c4 Nf6 5. Nc3 Nc6 6. Nf3 Bg4 7. Be3 e6 8. Be2
dxc4 9. Bxc4 Be7 10. h3 Bh5 11. O-O O-O 12. g4 Bg6 13. Ne5 Rc8 14. Bb3 Qa5 15.
f4 Rfd8 16. Nxc6 bxc6 17. Qf3 c5 18. dxc5 Rd3 19. Qb7 Re8 20. Bf2 Bxc5 21. Qc6
Bxf2+ 22. Rxf2 Red8 23. Qg2 Qc5 24. Kh2 Ne4 25. Re2 Nxc3 26. bxc3 Qxc3 27. Rae1
h6 28. Bc2 Rf3 29. Bxg6 fxg6 30. Rxe6 Rdd3 0-1

[Event "4NCL/Div2/SWD1 vs. WGR3"]
[Site "Nottingham ENG"]
[Date "2005.01.22"]
[Round "5.4"]
[White "Grant, Jonathan"]
[Black "Morris, Charles F"]
[Result "1-0"]
[WhiteElo "2259"]
[BlackElo "2213"]
[PlyCount "73"]
[EventDate "2005.01.22"]
[SourceDate "2004.09.21"]

1. c4 Nf6 2. Nc3 e5 3. Nf3 Nc6 4. g3 Bc5 5. Bg2 d6 6. O-O O-O 7. e3 Bg4 8. h3
Bh5 9. g4 Bg6 10. d3 e4 11. Nh4 exd3 12. Nxg6 hxg6 13. Qxd3 Ne5 14. Qe2 c6 15.
Na4 Bb4 16. a3 Ba5 17. b4 Bc7 18. Bb2 Re8 19. Rad1 Rc8 20. Nc5 Nfxg4 21. hxg4
Qh4 22. Bxe5 Rxe5 23. f4 Re7 24. Nxb7 Rce8 25. Nxd6 Bxd6 26. Rxd6 Rxe3 27. Qf2
Qxg4 28. Rd8 Rxd8 29. Qxe3 a6 30. Qf3 Qd7 31. Qxc6 Qd4+ 32. Kh2 g5 33. Qc5 Qc3
34. fxg5 Rd4 35. Qc8+ Kh7 36. Be4+ Rxe4 37. Qf5+ 1-0

[Event "4NCL/Div2/SWD1 vs. WGR3"]
[Site "Nottingham ENG"]
[Date "2005.01.22"]
[Round "5.5"]
[White "James, David J"]
[Black "Gilbert, Jessie"]
[Result "1/2-1/2"]
[WhiteElo "2236"]
[BlackElo "2149"]
[PlyCount "56"]
[EventDate "2005.01.22"]
[SourceDate "2004.09.21"]

1. Nf3 Nf6 2. c4 g6 3. Nc3 Bg7 4. d4 O-O 5. Bg5 d6 6. e3 c5 7. d5 Qa5 8. Nd2
Bf5 9. Be2 h6 10. Bh4 g5 11. Bg3 Ne4 12. Ncxe4 Bxe4 13. O-O Bg6 14. Qc1 Qb6 15.
b3 Nd7 16. f4 Bxa1 17. Qxa1 f6 18. Be1 Rae8 19. Qd1 Kh7 20. Bh5 Rg8 21. Bxg6+
Rxg6 22. Qc2 Reg8 23. h4 Kh8 24. hxg5 hxg5 25. Nf3 Qd8 26. fxg5 fxg5 27. Bc3+
Nf6 28. e4 R8g7 1/2-1/2

[Event "4NCL/Div2/SWD1 vs. WGR3"]
[Site "Nottingham ENG"]
[Date "2005.01.22"]
[Round "5.6"]
[White "Hasman, Cengiz"]
[Black "Blackburn, Jonathan L B"]
[Result "0-1"]
[WhiteElo "2152"]
[BlackElo "2179"]
[PlyCount "120"]
[EventDate "2005.01.22"]
[SourceDate "2004.09.21"]

1. d4 e6 2. c4 b6 3. Nc3 Bb7 4. Nf3 Bb4 5. Qc2 Nf6 6. Bg5 h6 7. Bh4 g5 8. Bg3
Ne4 9. Be5 f6 10. Bg3 f5 11. e3 Bxc3+ 12. bxc3 d6 13. Nd2 Qf6 14. f3 Nxd2 15.
Qxd2 Nd7 16. Bd3 e5 17. Qc2 Rf8 18. O-O-O O-O-O 19. Rhe1 h5 20. h3 Qg6 21. Bh2
g4 22. fxg4 hxg4 23. Rf1 e4 24. Be2 g3 25. Bg1 Rf6 26. Kb1 Nf8 27. Ka1 Ne6 28.
Rb1 Rdf8 29. Qa4 a5 30. Rb2 Qe8 31. Qxe8+ Rxe8 32. Rb5 Ref8 33. Rb2 Ba6 34. Rd2
Nd8 35. Rf4 d5 36. cxd5 Bxe2 37. Rxe2 Rd6 38. Re1 b5 39. Ref1 Rxd5 40. Rxe4
fxe4 41. Rxf8 Kd7 42. Kb2 Ne6 43. Rf7+ Ke8 44. Rf1 c5 45. Kc2 c4 46. a3 Ke7 47.
Kd2 Rd8 48. Ke2 Rf8 49. Rb1 Nc7 50. Ke1 Kd6 51. Rb2 Kc6 52. Rb1 Nd5 53. Kd2 b4
54. axb4 axb4 55. cxb4 Ra8 56. b5+ Kb6 57. Ke1 Ra2 58. Kf1 c3 59. h4 c2 60. Rc1
Nb4 0-1

[Event "4NCL/Div2/SWD1 vs. WGR3"]
[Site "Nottingham ENG"]
[Date "2005.01.22"]
[Round "5.7"]
[White "Zeidler, Sven P"]
[Black "Maduekwe, Chiedu"]
[Result "1-0"]
[WhiteElo "2190"]
[BlackElo "2142"]
[PlyCount "95"]
[EventDate "2005.01.22"]
[SourceDate "2004.09.21"]

1. e4 c6 2. d4 d5 3. f3 Nf6 4. Nc3 dxe4 5. Bc4 e3 6. Bxe3 Nbd7 7. Nge2 Qa5 8.
a3 e5 9. O-O Be7 10. Qd2 exd4 11. Nxd4 Bd8 12. b4 Qh5 13. g4 Nxg4 14. fxg4
Qxg4+ 15. Qg2 Qxg2+ 16. Kxg2 O-O 17. Bf4 Bf6 18. Rad1 Ne5 19. Bxe5 Bxe5 20.
Rfe1 Bf6 21. Ne4 Be7 22. Ng3 Bf6 23. Ndf5 b5 24. Bb3 Bb2 25. Re3 Bxa3 26. Bxf7+
Rxf7 27. Rd8+ Rf8 28. Rxf8+ Kxf8 29. Rxa3 c5 30. bxc5 Bb7+ 31. Kf2 a5 32. Nd6
b4 33. Ra1 Bc6 34. Ngf5 a4 35. Ke3 Ra5 36. Kd4 b3 37. cxb3 axb3 38. Rb1 g6 39.
Ne3 Ra2 40. Rxb3 Rxh2 41. Rb6 Bf3 42. Ne4 Ke8 43. Nd5 Rh4 44. Ndf6+ Kd8 45. Rb7
g5 46. c6 Bxe4 47. Nxe4 Rh6 48. Rd7+ 1-0

[Event "4NCL/Div2/SWD1 vs. WGR3"]
[Site "Nottingham ENG"]
[Date "2005.01.22"]
[Round "5.8"]
[White "Kikoyo, Ali"]
[Black "Cast, Abigail"]
[Result "0-1"]
[WhiteElo "2035"]
[BlackElo "2120"]
[PlyCount "60"]
[EventDate "2005.01.22"]
[SourceDate "2004.09.21"]

1. e4 e6 2. d4 d5 3. exd5 exd5 4. Nf3 Bd6 5. h3 Ne7 6. Bd3 c5 7. dxc5 Bxc5 8.
Nc3 Nbc6 9. O-O h6 10. Bf4 a6 11. a3 Be6 12. Qd2 Qd7 13. b4 Ba7 14. b5 Nd4 15.
Ne5 Qc8 16. bxa6 bxa6 17. Ne2 Nxe2+ 18. Qxe2 Bd4 19. Rab1 O-O 20. Qf3 Bf5 21.
Rfd1 Bxd3 22. Qxd3 Bc5 23. Rb3 Qe6 24. Qd2 d4 25. Re1 Nf5 26. Nd3 Qc8 27. Re5
Ba7 28. Qe2 Rb8 29. Rxb8 Bxb8 30. Rc5 Qe6 0-1

[Event "4NCL/Div2/KHE vs. WGR3"]
[Site "Nottingham ENG"]
[Date "2005.01.23"]
[Round "6.1"]
[White "McMichael, Richard"]
[Black "Tan, Desmond"]
[Result "1/2-1/2"]
[WhiteElo "2272"]
[BlackElo "2332"]
[PlyCount "28"]
[EventDate "2005.01.23"]
[SourceDate "2004.09.21"]

1. c4 c5 2. g3 Nc6 3. Bg2 g6 4. Nc3 Bg7 5. e4 d6 6. Nge2 Nf6 7. O-O O-O 8. d3
Rb8 9. f4 a6 10. Kh1 Ne8 11. f5 Ne5 12. Nf4 b5 13. Qe2 e6 14. fxe6 fxe6 1/2-1/2

[Event "4NCL/Div2/KHE vs. WGR3"]
[Site "Nottingham ENG"]
[Date "2005.01.23"]
[Round "6.2"]
[White "Woodward, Timothy"]
[Black "Thomas, Richard H"]
[Result "1/2-1/2"]
[WhiteElo "2333"]
[BlackElo "2232"]
[PlyCount "84"]
[EventDate "2005.01.23"]
[SourceDate "2004.09.21"]

1. d4 g6 2. c4 Bg7 3. Nc3 d6 4. e4 Nc6 5. Be3 e5 6. d5 Nce7 7. g4 f5 8. gxf5
gxf5 9. Qh5+ Ng6 10. exf5 Qh4 11. Qf3 N6e7 12. Nb5 Kd8 13. Qg2 Bh6 14. Nf3 Qf6
15. Bd3 Nxf5 16. Bg5 Bxg5 17. Qxg5 h6 18. Qxf6+ Nxf6 19. Nc3 Rg8 20. Ke2 Bd7
21. Rhg1 Ke7 22. Ne4 Rxg1 23. Rxg1 Rg8 24. Rxg8 Nxg8 25. b4 Nf6 26. Bc2 Nxe4
27. Bxe4 Kf6 28. Kd3 Ne7 29. Ke3 Ng6 30. Nd2 Nf4 31. f3 b6 32. b5 Bc8 33. Bc2
a5 34. Ne4+ Ke7 35. Ng3 h5 36. Bf5 Bxf5 37. Nxf5+ Kf6 38. Ng3 h4 39. Ne4+ Kf5
40. Nf2 Ng2+ 41. Ke2 Nf4+ 42. Ke3 Ng2+ 1/2-1/2

[Event "4NCL/Div2/KHE vs. WGR3"]
[Site "Nottingham ENG"]
[Date "2005.01.23"]
[Round "6.3"]
[White "Guthrie, David"]
[Black "Lee, Graham D"]
[Result "1/2-1/2"]
[WhiteElo "2170"]
[BlackElo "2285"]
[PlyCount "33"]
[EventDate "2005.01.23"]
[SourceDate "2004.09.21"]

1. e4 c6 2. d4 d5 3. Nc3 dxe4 4. Nxe4 Nd7 5. Bc4 Ngf6 6. Nxf6+ Nxf6 7. c3 g6 8.
Nf3 Bg7 9. O-O O-O 10. Re1 Bg4 11. h3 Bxf3 12. Qxf3 Nd5 13. Bg5 Re8 14. Re2 Qd7
15. Rae1 e6 16. Bh4 a5 17. a4 1/2-1/2

[Event "4NCL/Div2/KHE vs. WGR3"]
[Site "Nottingham ENG"]
[Date "2005.01.23"]
[Round "6.4"]
[White "Grant, Jonathan"]
[Black "Lewis, Alex"]
[Result "0-1"]
[WhiteElo "2259"]
[BlackElo "2145"]
[PlyCount "102"]
[EventDate "2005.01.23"]
[SourceDate "2004.09.21"]

1. c4 e5 2. Nc3 Bb4 3. Nd5 Be7 4. Nf3 d6 5. g3 Nf6 6. Bg2 Nxd5 7. cxd5 c5 8.
O-O h5 9. h4 g5 10. Nxg5 Bxg5 11. hxg5 Qxg5 12. d4 Qg4 13. dxe5 dxe5 14. Qc2
Bf5 15. e4 Bd7 16. Qc3 f6 17. a4 Na6 18. f4 h4 19. Rf3 hxg3 20. fxe5 O-O-O 21.
e6 Bxe6 22. Bf4 Bf7 23. b4 Rh2 24. Bxg3 Rxg2+ 25. Kxg2 Qxe4 26. b5 Bxd5 27.
bxa6 Qe2+ 28. Kg1 Qxf3 29. axb7+ Bxb7 30. Qxf3 Bxf3 31. Bh4 Bd5 32. Bxf6 Rg8+
33. Kh2 Kd7 34. Rg1 Rf8 35. Rg7+ Kc6 36. Bc3 Kb6 37. Rg6+ Bc6 38. a5+ Kb5 39.
Rf6 Rxf6 40. Bxf6 Kxa5 41. Bc3+ Kb5 42. Kg3 Kc4 43. Be1 Kd3 44. Kf4 c4 45. Ke5
c3 46. Bh4 Kc4 47. Bg5 a5 48. Be7 a4 49. Bf8 c2 50. Ba3 Kb3 51. Bc1 a3 0-1

[Event "4NCL/Div2/KHE vs. WGR3"]
[Site "Nottingham ENG"]
[Date "2005.01.23"]
[Round "6.5"]
[White "Mackenzie, Colin"]
[Black "Maduekwe, Chiedu"]
[Result "1/2-1/2"]
[WhiteElo "2144"]
[BlackElo "2142"]
[PlyCount "43"]
[EventDate "2005.01.23"]
[SourceDate "2004.09.21"]

1. Nf3 Nf6 2. c4 c6 3. g3 d5 4. Bg2 g6 5. O-O Bg7 6. d4 O-O 7. b3 Ne4 8. Bb2
Nd7 9. Nc3 Nxc3 10. Bxc3 dxc4 11. bxc4 c5 12. e3 Qc7 13. Qb3 cxd4 14. exd4 b6
15. Rfe1 e6 16. Ne5 Bb7 17. Nxd7 Qxd7 18. d5 Bxc3 19. Qxc3 exd5 20. cxd5 Rad8
21. Qa3 Bxd5 22. Bxd5 1/2-1/2

[Event "4NCL/Div2/KHE vs. WGR3"]
[Site "Nottingham ENG"]
[Date "2005.01.23"]
[Round "6.6"]
[White "Gilbert, Jessie"]
[Black "Ward, Julian T"]
[Result "1-0"]
[WhiteElo "2149"]
[BlackElo "2170"]
[PlyCount "81"]
[EventDate "2005.01.23"]
[SourceDate "2004.09.21"]

1. d4 Nf6 2. c4 e6 3. Nf3 d5 4. Nc3 Be7 5. Bg5 O-O 6. e3 b6 7. cxd5 exd5 8. Bd3
Bb7 9. O-O Ne4 10. Bxe7 Qxe7 11. Qc2 g6 12. Rac1 c5 13. dxc5 Nxc5 14. Be2 Nbd7
15. Rfd1 Nf6 16. b4 Nce4 17. Qb3 Rfd8 18. Nb5 Rd7 19. Rc2 a6 20. Nbd4 Re8 21.
h3 Qd6 22. Rdc1 h6 23. a4 Kh7 24. a5 Ra8 25. b5 axb5 26. Nxb5 Qe7 27. axb6 d4
28. Nfxd4 Nd5 29. Bf3 Ng5 30. Bg4 Rd6 31. Nxd6 Qxd6 32. h4 Ne4 33. Bf3 Re8 34.
Qa4 Qe7 35. Nb5 Nxf2 36. Rxf2 Qxe3 37. Rcf1 Bc6 38. Qd4 Bxb5 39. Qxe3 Nxe3 40.
Re1 f5 41. b7 1-0